|
|
|
|
| LEADER |
00000nam0a2200000 4500 |
| 001 |
307190 |
| 005 |
20240914063127.0 |
| 010 |
|
|
|a 9785829117269
|
| 010 |
|
|
|a 978-5-902767-83-1
|
| 035 |
|
|
|a (RuTPU)RU\TPU\book\332483
|
| 090 |
|
|
|a 307190
|
| 100 |
|
|
|a 20151016d2015 k y0rusy50 ca
|
| 101 |
0 |
|
|a rus
|
| 102 |
|
|
|a RU
|
| 105 |
|
|
|a y z 001zy
|
| 200 |
1 |
|
|a Очерки русской культуры
|f М. А. Лифшиц
|
| 210 |
|
|
|a Москва
|c Академический проект
|c Культура
|d 2015
|
| 215 |
|
|
|a 751 с.
|
| 225 |
1 |
|
|a Философские технологии: Русская философия
|
| 320 |
|
|
|a Библиогр. в тексте.
|
| 320 |
|
|
|a Указ. имен: с. 717-749.
|
| 330 |
|
|
|a Книга Мих. Лифшица (1905—1983), составленная в соответствии с замыслом автора, содержит главные работы выдающегося философа, в которых раскрывается идеал русской культуры: от лекций по русской иконе, прочитанных в Третьяковской галерее в 1938 г., до не завершенной при жизни большой работе о А.С. Грибоедове и его комедии. Выдвинутая Лифшицем еще в 1930-х гг. концепция «великих консерваторов человечества» доказывает свою продуктивность на примере анализа творчества Л.Н. Толстого и Ф.М. Достоевского. Особое место в книге принадлежит А.С. Пушкину, его творчеству и философии русской истории, глубина которой показана Лифшицем в его книге о Пушкине (1937) и в лекциях о русской культуре (1943). Работы о русской демократической критике, заметки о М.А. Булгакове, А.Т Твардовском и А.И. Солженицыне помогут читателю освободиться от либеральных и «почвеннических» мифов.Книга предназначена для студентов и преподавателей гуманитарных специальностей и всех интересующихся историей русской культуры.
|
| 600 |
|
1 |
|a Грибоедов
|g Александр Сергеевич
|b А. С.
|f 1791-1829
|c русский писатель и дипломат
|2 stltpush
|3 (RuTPU)RU\TPU\pers\244
|
| 600 |
|
1 |
|a Луначарский
|g Анатолий Васильевич
|b А. В.
|c российский политический и государственный деятель
|c писатель
|c академик АН СССР
|f 1875-1933
|2 stltpush
|3 (RuTPU)RU\TPU\pers\1763
|
| 600 |
|
1 |
|a Фридлендер
|b И. Г.
|f 1919-2000
|g Израиль Григорьевич
|c специалист в области машиностроения
|2 stltpush
|3 (RuTPU)RU\TPU\pers\4875
|
| 600 |
|
1 |
|a Пушкин
|b А. С.
|c российский поэт
|c писатель
|f 1799-1837
|g Александр Сергеевич
|7 ca
|8 rus
|2 stltpush
|3 (RuTPU)RU\TPU\pers\1026
|9 453
|
| 600 |
|
1 |
|a Герцен
|g Александр Иванович
|f 1812-1870
|c российский революционер
|c писатель
|c философ
|b А. И.
|2 stltpush
|3 (RuTPU)RU\TPU\pers\286
|
| 606 |
1 |
|
|a Философия культуры
|2 stltpush
|3 (RuTPU)RU\TPU\subj\67421
|9 83234
|
| 606 |
1 |
|
|a Культура
|x Философские проблемы
|2 stltpush
|3 (RuTPU)RU\TPU\subj\16748
|9 42682
|
| 606 |
1 |
|
|a Русская философия
|x История
|2 stltpush
|3 (RuTPU)RU\TPU\subj\26377
|9 50319
|
| 610 |
1 |
|
|a русская культура
|
| 610 |
1 |
|
|a русская идея
|
| 610 |
1 |
|
|a Россия
|
| 610 |
1 |
|
|a древнерусское искусство
|
| 610 |
1 |
|
|a история
|
| 610 |
1 |
|
|a литературная критика
|
| 610 |
1 |
|
|a философские взгляды
|
| 610 |
1 |
|
|a русские писатели
|
| 610 |
1 |
|
|a эстетика
|
| 610 |
1 |
|
|a русская литература
|
| 686 |
|
|
|a Ю671
|v LBC/SL-A
|2 rubbk
|
| 686 |
|
|
|a Ю3(2)1/6
|v LBC/SL-A
|2 rubbk
|
| 700 |
|
1 |
|a Лифшиц
|b М. А.
|c советский литературовед
|c философ
|c культуролог
|c эстетик
|f 1905-1983
|g Михаил Александрович
|2 stltpush
|3 (RuTPU)RU\TPU\pers\18957
|9 7147
|
| 801 |
|
1 |
|a RU
|b 63413507
|c 20151016
|
| 801 |
|
2 |
|a RU
|b 63413507
|c 20160622
|g RCR
|
| 900 |
|
|
|a Культурология
|
| 942 |
|
|
|c BK
|
| 959 |
|
|
|a 128/20151016
|d 1
|e 550,00
|f ЧЗГЛ:1
|